MARC details
| 000 -LEADER |
| fixed length control field |
02987cab a22004455a 4500 |
| 001 - CONTROL NUMBER |
| control field |
L144354 |
| 008 - FIXED-LENGTH DATA ELEMENTS--GENERAL INFORMATION |
| fixed length control field |
080714e20080612xxk f v 000 0 eng d |
| 035 ## - SYSTEM CONTROL NUMBER |
| System control number |
(Sirsi) u144354 |
| 041 0# - LANGUAGE CODE |
| Language code of text/sound track or separate title |
eng |
| 245 00 - TITLE STATEMENT |
| Title |
Hanoman v London Borough of Southwark |
| Medium |
[electronic resource] |
| 260 ## - PUBLICATION, DISTRIBUTION, ETC. |
| Date of publication, distribution, etc. |
2008 |
| 520 ## - SUMMARY, ETC. |
| Summary, etc. |
Hanoman v London Borough of Southwark, 12 June 2008. Appellant was secure tenant of a one bredroom flat owned by the local authority and notified the respondent that he wished to exercise his right to buy the lease of his flat according to Part 5 of the Housing Act 1985. Respondents challenged authenticity of claim, but High Court ruled it permissable. Premium payable for right to buy was £17,000 and the appellant served several notices of delay as the respondent failed to respond within the time allocated and claimed that the lease should be reduced to nil. Appellant completed the purchase and retained the right to question whether the price to be paid for the lease fell to be reduced by reference to the housing benefits that were used to pay off the rent in the same way as the appellant would have received if he had paid rent from his own money. Held: appeal allowed. Payment of housing benefit to be treated same as though payment had been by the tenant - natural meaning was that rent paid encompassed all rent duly paid whatever the source of payment. Collateral contract existed between appellant and respondents that allowed the appellant to proceed towards completion on the basis that he would be able to enforce any rights to dispute the exercise of his right to buy in the county court after completion. |
| 590 ## - LOCAL NOTE (RLIN) |
| Local note |
KA |
| 650 24 - SUBJECT ADDED ENTRY--TOPICAL TERM |
| Topical term or geographic name entry element |
HOUSING ACT 1985 PART V |
| 650 24 - SUBJECT ADDED ENTRY--TOPICAL TERM |
| Topical term or geographic name entry element |
HOUSING ACT 1985 S122 |
| 650 24 - SUBJECT ADDED ENTRY--TOPICAL TERM |
| Topical term or geographic name entry element |
HOUSING ACT 1985 S125 |
| 650 24 - SUBJECT ADDED ENTRY--TOPICAL TERM |
| Topical term or geographic name entry element |
HOUSING ACT 1985 S126 |
| 650 24 - SUBJECT ADDED ENTRY--TOPICAL TERM |
| Topical term or geographic name entry element |
HOUSING ACT 1985 S127 |
| 650 24 - SUBJECT ADDED ENTRY--TOPICAL TERM |
| Topical term or geographic name entry element |
HOUSING ACT 1985 S129 |
| 650 24 - SUBJECT ADDED ENTRY--TOPICAL TERM |
| Topical term or geographic name entry element |
HOUSING ACT 1985 S138 |
| 650 24 - SUBJECT ADDED ENTRY--TOPICAL TERM |
| Topical term or geographic name entry element |
HOUSING ACT 1985 S140 |
| 650 24 - SUBJECT ADDED ENTRY--TOPICAL TERM |
| Topical term or geographic name entry element |
HOUSING ACT 1985 S141 |
| 650 24 - SUBJECT ADDED ENTRY--TOPICAL TERM |
| Topical term or geographic name entry element |
HOUSING ACT 1985 S181 |
| 650 24 - SUBJECT ADDED ENTRY--TOPICAL TERM |
| Topical term or geographic name entry element |
LEASEHOLD REFORM, HOUSING AND URBAN DEVELOPMENT ACT 1993 |
| 650 24 - SUBJECT ADDED ENTRY--TOPICAL TERM |
| Topical term or geographic name entry element |
SOCIAL SECURITY ADMINISTRATION ACT 1992 S123 |
| 650 24 - SUBJECT ADDED ENTRY--TOPICAL TERM |
| Topical term or geographic name entry element |
SOCIAL SECURITY ADMINISTRATION ACT 1992 S134 |
| 650 24 - SUBJECT ADDED ENTRY--TOPICAL TERM |
| Topical term or geographic name entry element |
MOVITEX V BULFIELD |
| 650 24 - SUBJECT ADDED ENTRY--TOPICAL TERM |
| Topical term or geographic name entry element |
R V ENVIRONMENT SECRETARY EX PARTE SPATH HOLME LTD |
| 650 24 - SUBJECT ADDED ENTRY--TOPICAL TERM |
| Topical term or geographic name entry element |
SHEFFIELD CC V JACKSON AND OTHERS |
| 650 24 - SUBJECT ADDED ENTRY--TOPICAL TERM |
| Topical term or geographic name entry element |
INNTREPRENEUR PUB COMPANY LTD V EAST CROWN LTD |
| 650 24 - SUBJECT ADDED ENTRY--TOPICAL TERM |
| Topical term or geographic name entry element |
BUSINESS ENVIRONMENT BOW V DEANWATER ESTATES |
| 650 24 - SUBJECT ADDED ENTRY--TOPICAL TERM |
| Topical term or geographic name entry element |
HEILBUT SYMONS V BUCKLETON |
| 650 24 - SUBJECT ADDED ENTRY--TOPICAL TERM |
| Topical term or geographic name entry element |
BRIKOM INVESTMENTS LTD V CARR |
| 650 24 - SUBJECT ADDED ENTRY--TOPICAL TERM |
| Topical term or geographic name entry element |
CITY OF WESTMINSTER PROPERTIES LTD V MUDD |
| 650 24 - SUBJECT ADDED ENTRY--TOPICAL TERM |
| Topical term or geographic name entry element |
ESSEX CITY COUNCIL V ESSEX INCORPORATED CONGREGATIONAL CHURCH UNION |
| 651 #4 - SUBJECT ADDED ENTRY--GEOGRAPHIC NAME |
| Geographic name |
United Kingdom |
| Chronological subdivision |
|
| 690 ## - LOCAL SUBJECT ADDED ENTRY--TOPICAL TERM (OCLC, RLIN) |
| Topical term or geographic name as entry element |
PROPERTY-RESIDENTIAL PROPERTY-OWNER OCCUPIED RESIDENTIAL PROPERTY |
| 856 40 - ELECTRONIC LOCATION AND ACCESS |
| Uniform Resource Identifier |
<a href="https://www.bailii.org/ew/cases/EWCA/Civ/2008/624.html">https://www.bailii.org/ew/cases/EWCA/Civ/2008/624.html</a> |
| Public note |
View the case free of charge online at www.bailii.org... |
| 942 ## - ADDED ENTRY ELEMENTS (KOHA) |
| Suppress in OPAC |
0 |